<?xml version="1.0" encoding="UTF-8"?><?xml-stylesheet type="text/xsl" href="static/style.xsl"?><OAI-PMH xmlns="http://www.openarchives.org/OAI/2.0/" xmlns:xsi="http://www.w3.org/2001/XMLSchema-instance" xsi:schemaLocation="http://www.openarchives.org/OAI/2.0/ http://www.openarchives.org/OAI/2.0/OAI-PMH.xsd"><responseDate>2026-06-02T20:51:44Z</responseDate><request verb="GetRecord" identifier="oai:riuma.uma.es:10630/25720" metadataPrefix="marc">https://riuma.uma.es/rest/oai/request</request><GetRecord><record><header><identifier>oai:riuma.uma.es:10630/25720</identifier><datestamp>2026-02-03T12:22:17Z</datestamp><setSpec>com_10630_2254</setSpec><setSpec>col_10630_37959</setSpec></header><metadata><record xmlns="http://www.loc.gov/MARC21/slim" xmlns:dcterms="http://purl.org/dc/terms/" xmlns:doc="http://www.lyncode.com/xoai" xmlns:xsi="http://www.w3.org/2001/XMLSchema-instance" xsi:schemaLocation="http://www.loc.gov/MARC21/slim http://www.loc.gov/standards/marcxml/schema/MARC21slim.xsd">
   <leader>00925njm 22002777a 4500</leader>
   <datafield ind2=" " ind1=" " tag="042">
      <subfield code="a">dc</subfield>
   </datafield>
   <datafield ind2=" " ind1=" " tag="720">
      <subfield code="a">Gómez-Salado, Miguel Ángel</subfield>
      <subfield code="e">author</subfield>
   </datafield>
   <datafield ind2=" " ind1=" " tag="260">
      <subfield code="c">2022</subfield>
   </datafield>
   <datafield ind2=" " ind1=" " tag="520">
      <subfield code="a">La última reforma laboral, sin duda, pretende lograr el objetivo de “modernización y simplificación de las modalidades de contratación que permitan superar la segmentación injustificada del mercado de trabajo, así como las tasas de temporalidad, en especial las asociadas con personas jóvenes”. Esto ha implicado una modificación de la redacción del art. 11 del ET, que supone en sí un “cambio de modelo”, estableciéndose “un contrato formativo”     (en singular) con dos modalidades que dependen de la formación y del nivel de cualificación profesional de la persona trabajadora:&#xd;
•	Primeramente, el contrato de formación en alternancia, que tiene por objeto compatibilizar la actividad laboral retribuida con los correspondientes procesos formativos en el ámbito de la formación profesional, los estudios universitarios o el Catálogo de especialidades formativas del Sistema Nacional de Empleo.&#xd;
•	En segundo lugar, el contrato formativo para la obtención de la práctica profesional adecuada al correspondiente nivel de estudios.</subfield>
   </datafield>
   <datafield ind1="8" ind2=" " tag="024">
      <subfield code="a">https://hdl.handle.net/10630/25720</subfield>
   </datafield>
   <datafield tag="653" ind2=" " ind1=" ">
      <subfield code="a">Empleo - Jóvenes - Congresos</subfield>
   </datafield>
   <datafield ind2="0" ind1="0" tag="245">
      <subfield code="a">El nuevo contrato formativo en España: ¿una respuesta adecuada a la elevada tasa de desempleo juvenil?</subfield>
   </datafield>
</record>
</metadata></record></GetRecord></OAI-PMH>